Les meilleurs pub du de l'univers - Statistiques

Statistiques générales
  • Ce quiz a été pris 4 fois
    2 depuis la dernière actualisation
  • Le résultat moyen est 5 sur 9
Statistiques - réponses
Hint Réponse % Correct
4 Mike's
100%
6 IKEA
50%
3 Le clan paneton
50%
7 Maxi
50%
1 Pepto bismol
50%
2 Pepto bismol
50%
8 Rona
50%
5 Tum
50%
9 complètement lycée
0%
Aucun quiz correspondant
Distribution des résultats
% des personnes avec chaque résultat
Percentile par nombre de réponses
Votre historique - résultats
Vous n’avez pas pris ce quiz depuis la dernière actualisation